Перспективный прибор КВЧ-терапии в сочетании с ультрафиолетовым излучением; Современные техника и технологии; Т. 1

Manylion Llyfryddiaeth
Parent link:Современные техника и технологии: сборник трудов XV Международной научно-практической конференции студентов, аспирантов и молодых ученых, Томск, 4-8 мая 2009 г/ Национальный исследовательский Томский политехнический университет (ТПУ).— , 2009
Т. 1.— 2009.— [С. 575-577]
Prif Awdur: Свириденко А. С. Анастасия Сергеевна
Awduron Eraill: Ча В. А. Владимир Александрович (научный руководитель), Ча В. А.
Crynodeb:Заглавие с титульного листа
Электронная версия печатной публикации
Iaith:Rwseg
Cyhoeddwyd: 2009
Pynciau:
Mynediad Ar-lein:http://www.lib.tpu.ru/fulltext/c/2009/C01/V1/289.pdf
Fformat: Electronig Pennod Llyfr
KOHA link:https://koha.lib.tpu.ru/cgi-bin/koha/opac-detail.pl?biblionumber=243569

MARC

LEADER 00000naa2a2200000 4500
001 243569
005 20251218155425.0
035 |a (RuTPU)RU\TPU\book\264919 
035 |a RU\TPU\book\264916 
090 |a 243569 
100 |a 20131001d2009 k y0rusy50 ca 
101 0 |a rus 
102 |a RU 
135 |a drnn ---uucaa 
181 0 |a i  
182 0 |a b 
200 1 |a Перспективный прибор КВЧ-терапии в сочетании с ультрафиолетовым излучением  |f А. С. Свириденко, В. А. Ча  |g науч. рук. В. А. Ча 
203 |a Текст  |c электронный 
215 |a 1 файл (343 Кб) 
300 |a Заглавие с титульного листа 
300 |a Электронная версия печатной публикации 
337 |a Adobe Reader 
461 0 |0 (RuTPU)RU\TPU\book\261117  |t Современные техника и технологии  |o сборник трудов XV Международной научно-практической конференции студентов, аспирантов и молодых ученых, Томск, 4-8 мая 2009 г  |o в 3 т.  |f Национальный исследовательский Томский политехнический университет (ТПУ)  |d 2009 
463 0 |0 (RuTPU)RU\TPU\book\261157  |t Т. 1  |v [С. 575-577]  |d 2009 
610 1 |a электронный ресурс 
610 1 |a труды учёных ТПУ 
610 1 |a КВЧ-терапия 
610 1 |a ультрафиолетовые излучения 
610 1 |a медицинские аппараты 
700 1 |a Свириденко  |b А. С.  |c специалист в области экспериментальной физики  |c техник Томского политехнического университета  |f 1986-  |g Анастасия Сергеевна  |3 (RuTPU)RU\TPU\pers\31355 
701 1 |a Ча  |b В. А.  |c специалист в области прикладной физики  |c старший научный сотрудник Томского политехнического университета  |f 1948-  |g Владимир Александрович  |3 (RuTPU)RU\TPU\pers\31350 
702 1 |a Ча  |b В. А.  |4 727 
801 1 |a RU  |b 63413507  |c 20130617 
801 2 |a RU  |b 63413507  |c 20131120  |g RCR 
856 4 |u http://www.lib.tpu.ru/fulltext/c/2009/C01/V1/289.pdf 
942 |c CF